10 Most Populous Cities in Oklahoma - Statistics

General Stats
  • This quiz has been taken 18 times
  • The average score is 6 of 10
Answer Stats
Population City % Correct
709,330 Oklahoma City
100%
411,308 Tulsa
94%
130,674 Norman
83%
120,949 Broken Arrow
78%
63,608 Moore
56%
49,903 Stillwater
56%
99,221 Edmond
50%
50,379 Enid
50%
90,207 Lawton
50%
57,960 Midwest City
28%
No matching quizzes found
Score Distribution
Percent of People with Each Score
Percentile by Number Answered
Your Score History
You have not taken this quiz